00461nmm a22001697a 450000500170000000800410001704100080005808200100006610000430007624500820011926000090020165000150021065000120022565000110023765000220024865000210027020170215115502.0161103b xxu||||| |||| 00| 0 spa d aspa aTU 64 aVíquez Leitón, María Auxiliadora aInforme de Práctica Supervisada en Agencia de Viajes Horizontes Nature Tour c2016 aCOSTA RICA aTURISMO aTOURS  aAGENCIA DE VIAJES aADMINISTRACIÓN